00718nam a2200229 a 450000100060000000300080000600500170001400800410003102000180007203500190009004000320010904100080014108200270014910000220017624500770019825000120027526000620028730000360034950400510038565000270043670000250046313750BD-RjUL20211208235515.0140201r20101998ii a b 001 0 eng d a9788120328242 a(BD-RjUL)13802 aDLCcDLCdDLCdBD-RjULbeng aeng00a658.1511221bKAA 20101 aKaplan, Robert S.10aAdvanced management accounting /cRobert S. Kaplan, Anthony A. Atkinson. a3rd ed. aNew Delhi :bPrentice Hall,cc1998 [Reprinted 2009, 2010] axviii, 798 p. :bill. ;c24 cm. aIncludes bibliographical references and index. 0aManagerial accounting.1 aAtkinson, Anthony A.